Test, lélek, természet tanulmányok a népi orvoslás emlékeiből : köszöntő kötet Grynaeus Tamás 70. születésnapjára

Elmentve itt :
Bibliográfiai részletek
További közreműködők: Barna Gábor
Kótyuk Erzsébet
Dokumentumtípus: Könyv
Megjelent: SZTE Néprajzi Tanszék Budapest ; Szeged 2002
Sorozat:Szegedi vallási néprajzi könyvtár
Kulcsszavak:Népi gyógyítás - magyar - tanulmányok, Néphit - magyar - tanulmányok
Tárgyszavak:
Online Access:http://acta.bibl.u-szeged.hu/69833
LEADER 00914nam a2200229 i 4500
001 acta69833
005 20250515130442.0
008 200728s2002 hu o 000 hun d
020 |a 963 482 560 5 
022 |a 1419-1288 
040 |a SZTE Egyetemi Kiadványok Repozitórium  |b hun 
041 |a hun 
245 0 0 |a Test, lélek, természet   |h [elektronikus dokumentum] :  |b tanulmányok a népi orvoslás emlékeiből : köszöntő kötet Grynaeus Tamás 70. születésnapjára 
260 |a SZTE Néprajzi Tanszék  |b Budapest ; Szeged  |c 2002 
300 |a 276 p.  |c 24 cm 
490 0 |a Szegedi vallási néprajzi könyvtár 
650 4 |a Társadalomtudományok 
650 4 |a Szociológia 
695 |a Népi gyógyítás - magyar - tanulmányok, Néphit - magyar - tanulmányok 
700 0 1 |a Barna Gábor 
700 0 1 |a Kótyuk Erzsébet 
856 4 0 |u http://acta.bibl.u-szeged.hu/69833/1/szegedi_vallasi_009.pdf  |z Dokumentum-elérés